Nuclear techniques and mineral resources. : Proceedings of the symposium ... held by the International Atomic Energy Agency in Buenos Aires, 5-9 November 1968.

Bibliographic Details
Corporate Authors: Symposium on the Use of Nuclear Techniques in the Prospecting and Development of Mineral Resources Buenos Aires, International Atomic Energy Agency
Format: Conference Proceeding Book
Language:English
French
Published: Vienna : International Atomic Energy Agency, 1969.
Series:Proceedings series (International Atomic Energy Agency)
Subjects:

MARC

Tag First Indicator Second Indicator Subfields
LEADER 00000cam a2200000 4500
001 in00000096795
005 20150925090410.0
008 700730s1969 au a b 10100 eng
010 |a  76482313  
015 |a Au69-12-224 
035 |a (OCoLC)00087129 
035 |9 AAL2508AM 
037 |c 336.00  |c ($13.00) 
040 |a DLC  |c DLC  |d TXA  |d UtOrBLW 
041 0 |a eng  |a fre 
049 |a TXAM  |c [1100239] 
050 0 0 |a TN270.A1  |b S95 1968 
082 0 |a 622/.159 
111 2 |a Symposium on the Use of Nuclear Techniques in the Prospecting and Development of Mineral Resources  |d (1968 :  |c Buenos Aires) 
245 1 0 |a Nuclear techniques and mineral resources. :  |b Proceedings of the symposium ... held by the International Atomic Energy Agency in Buenos Aires, 5-9 November 1968. 
264 1 |a Vienna :  |b International Atomic Energy Agency,  |c 1969. 
300 |a 546 pages :  |b illustrations ;  |c 24 cm. 
336 |a text  |b txt  |2 rdacontent 
337 |a unmediated  |b n  |2 rdamedia 
338 |a volume  |b nc  |2 rdacarrier 
490 1 |a Proceedings series 
500 |a "STI/PUB/198." 
500 |a English or French. Abstracts in English. 
504 |a Includes bibliographies. 
650 0 |a Radioactive prospecting  |x Congresses. 
710 2 |a International Atomic Energy Agency. 
830 0 |a Proceedings series (International Atomic Energy Agency) 
999 |a MARS 
999 f f |s 2394bee6-5e52-38da-b9f7-32e80612a3ad  |i a4c4bce8-a967-3a38-8d46-afbfbb4897e9  |t 0 
952 f f |p ric  |a Texas A&M University  |b Rellis Campus  |c Joint Library Facility  |d Remote Storage  |t 0  |e TN270.A1 S95 1968  |h Library of Congress classification  |i unmediated -- volume  |m A14805574580 
998 f f |a TN270.A1 S95 1968  |t 0  |l Remote Storage